Riadenie hodnoty podniku : praktikum

Gespeichert in:
Bibliographische Detailangaben
Hauptverfasser: Jakubec, Miroslav (Verfasst von), Kardoš, Peter (Verfasst von), Kubica, Milan (Verfasst von)
Format: Buch
Sprache:Slowakisch
Veröffentlicht: Bratislava : Iura Edition, 2006
Ausgabe:1. vyd
Schriftenreihe:Ekonómia 186. publ.
Schlagworte:
Tags: Tag hinzufügen
Keine Tags, Fügen Sie das erste Tag hinzu!

MARC

LEADER 00000nam a22000003a 4500
001 stu153610
005 20150617225944.7
008 071206s2006----xo------------------slo-d
020 |a 80-8078-118-4 
040 |a STU  |b slo 
041 0 |a slo 
044 |a xo 
080 |a 658.1(075.8)  |7 stu_us_auth*stu3512 
100 1 |a Jakubec, Miroslav  |4 aut 
245 1 |a Riadenie hodnoty podniku :  |b praktikum 
250 |a 1. vyd 
260 |a Bratislava :  |b Iura Edition,  |c 2006 
300 |a 173 s 
650 7 |a hospodárstvo podnikové  |2 stusub 
700 1 |a Kardoš, Peter  |4 aut 
700 1 |a Kubica, Milan  |4 aut 
830 0 |a Ekonómia  |v 186. publ. 
996 |b 284M067027  |c M*12229-1  |l MMKN  |s A  |a 24  |w stu153610_0001